000 02985cam a2200313 4500500
005 20260111150202.0
041 _afre
042 _adc
100 1 0 _aBouillon, Florence
_eauthor
700 1 0 _aDietrich-Ragon, Pascale
_eauthor
245 0 0 _aDerrière les façades. Ethnographies de squats parisiens
260 _c2012.
500 _a19
520 _aRésuméParis est une ville riche, que l’on imagine aisément uniformément gentrifiée. Elle comporte pourtant des « îlots » de pauvreté, dont les squats. En dépit de leur caractère insécurisant, ces bâtiments ont une fonction d’accueil : ils sont des points d’entrée dans la ville pour des personnes « en transition ». Le devenir des squats est cependant étroitement lié à l’action institutionnelle, qui oscille entre tolérance et sévérité. Dans ces arbitrages, les institutions locales sont guidées par un double impératif : résorber les poches insalubres de la ville et reloger les plus fragiles, mais aussi ne pas altérer l’image de la Ville lumière et sauvegarder sa dimension muséale.
520 _aBehind Façades. Ethnographies of Parisian “Squats”Paris is a wealthy capital, currently considered as uniformly gentrified. There are however “small islands” of poverty in the city, including squats. Even though highly unsecure, these accommodations have a function of shelter : they are entries in the city for people in transitional phases. The destiny of squats is however closely related to institutional action, which oscillates between tolerance and severity. Local institutions are guided by a double requirement : to rehouse the most vulnerable inhabitants, but also to maintain the image of the “City of Light”.
520 _aZusammenfassungParis ist eine reiche Stadt, die man sich als Ganzes wohlhabend vorstellt. Es gibt in Paris aber auch „Inseln“ der Armut, darunter beispielsweise die sogenannten „Squats“ – die besetzten Häuser. Trotz ihres unsicheren Äußeren sind diese Häuser soziale Anlaufstellen ; besonders für Menschen auf der Durchreise sind sie ein Zugang zur Stadt. Aber die Zukunft der besetzten Häuser ist abhängig vom Handeln der Behörden, dass zwischen Toleranz und Strenge schwankt. Deshalb geht es in der Diskussion um diese Unterkünfte um zweierlei Dinge : Zum einen darum, die dunklen Flecken der Stadt zu absorbieren und die Schwächsten aufzunehmen, zum anderen darum, dass Image von Paris als „Ville lumière“ und seine museale Dimension zu bewahren.
690 _amal-logement
690 _aparis
690 _apolitiques urbaines
690 _asquat
690 _aville
690 _acity
690 _aParis
690 _apoor housing
690 _asquat
690 _aurban policy
786 0 _nEthnologie française | 42 | 3 | 2012-07-27 | p. 429-440 | 0046-2616
856 4 1 _uhttps://shs.cairn.info/revue-ethnologie-francaise-2012-3-page-429?lang=fr&redirect-ssocas=7080
999 _c1637162
_d1637162